Clic Quel pays ? Villes les plus hautes d'Océanie - Statistiques

Statistiques générales
  • Ce quiz a été pris 10 fois
  • Le résultat moyen est 2 sur 11
Statistiques - réponses
Hint Extra Hint Réponse % Correct
National Park Manawatu-Wanganui / 825 m Nouvelle-Zélande
57%
Cabramurra Nouvelle-Galles du Sud / 1475 m Australie
29%
Kamanjikoko Guadalcanal / 913 m Îles Salomon
29%
Uaboe Uaboe / 35 m Nauru
29%
Nokowoula Sanma / 1291 m Vanuatu
29%
Navai Viti Levu / 738 m Fidji
14%
Wabag Enga / 2182 m Papouasie-Nouvelle-Guinée
14%
Afiamalu Upolu / 863 m Samoa
14%
Pwoaipwoai Pohnpei / 478 m Micronésie
0%
Ngatpang Babeldaob / 162 m Palaos
0%
Pangai Eua / 184 m Tonga
0%
Aucun quiz correspondant
Distribution des résultats
% des personnes avec chaque résultat
Percentile par nombre de réponses
Votre historique - résultats
Vous n’avez pas pris ce quiz